[Event "Leipzig VfB op 22nd"]
[Site "Leipzig"]
[Date "2015.03.08"]
[Round "9"]
[White "Ter Horst, Carsten"]
[Black "Hiemer, Bernd"]
[Result "0-1"]
[WhiteElo "1951"]
[BlackElo "2024"]
[PlyCount "96"]
[EventDate "2015.03.03"]
[EventType "swiss"]
[EventRounds "9"]
[EventCountry "GER"]
[SourceTitle "EXT 2016"]
[Source "ChessBase"]
[SourceDate "2015.10.08"]
[SourceVersion "1"]
[SourceVersionDate "2015.10.08"]
[SourceQuality "1"]

1. d4 Nf6 2. Bg5 d6 3. Bxf6 exf6 4. e3 g6 5. Bd3 Bg7 6. Ne2 Nd7 7. 0-0 f5 8. c4 0-0 9. Nbc3 b6 10. b4 Bb7 11. Qb3 Qg5 12. Nd5 c6 13. Ndf4 c5 14. Nd5 cxd4 15. Nxd4 h5 16. f4 Qd8 17. Rac1 Re8 18. Bb1 a6 19. Rf3 Rc8 20. Rd1 b5 21. cxb5 axb5 22. Nxb5 Nb6 23. Nxb6 Bxf3 24. Nxd6 Re6 25. Nbxc8 Bxd1 26. Qxd1 Bf8 27. Bc2 Bxd6 28. Nxd6 Rxd6 29. Qb1 Rd2 30. Bb3 Qb6 31. Qe1 Qxb4 32. Qc1 Rd8 33. h3 Qd2 34. Qxd2 Rxd2 35. Bc4 Rc2 36. Bb3 Re2 37. Kf1 Rxe3 38. Kf2 Rc3 39. h4 Kg7 40. g3 f6 41. Be6 Rc6 42. Bd5 Rd6 43. Bc4 g5 44. Kf3 Rc6 45. Bb3 Rc3+ 46. Kg2 Rd3 47. Be6 Rd2+ 48. Kg1 gxf4 0-1

[Event "Leipzig VfB op 22nd"]
[Site "Leipzig"]
[Date "2015.03.07"]
[Round "8"]
[White "Weigert, Wilhelm"]
[Black "Ter Horst, Carsten"]
[Result "0-1"]
[WhiteElo "2052"]
[BlackElo "1951"]
[PlyCount "38"]
[EventDate "2015.03.03"]
[EventType "swiss"]
[EventRounds "9"]
[EventCountry "GER"]
[SourceTitle "EXT 2016"]
[Source "ChessBase"]
[SourceDate "2015.10.08"]
[SourceVersion "1"]
[SourceVersionDate "2015.10.08"]
[SourceQuality "1"]

1. c4 e5 2. Nc3 Nf6 3. Nf3 Nc6 4. g3 d5 5. cxd5 Nxd5 6. Bg2 Nb6 7. 0-0 Be7 8. d3 0-0 9. Be3 Be6 10. b3 Nd5 11. Nxd5 Bxd5 12. Rc1 Ba3 13. Bc5 Bxc1 14. Bxf8 Qxf8 15. Qxc1 Qd6 16. Rd1 a5 17. Qb2 f6 18. a3 Ra6 19. e4 Bxe4 0-1

[Event "Leipzig VfB op 22nd"]
[Site "Leipzig"]
[Date "2015.03.06"]
[Round "6"]
[White "Bruesch, Robert"]
[Black "Ter Horst, Carsten"]
[Result "1/2-1/2"]
[WhiteElo "1830"]
[BlackElo "1951"]
[PlyCount "86"]
[EventDate "2015.03.03"]
[EventType "swiss"]
[EventRounds "9"]
[EventCountry "GER"]
[SourceTitle "EXT 2016"]
[Source "ChessBase"]
[SourceDate "2015.10.08"]
[SourceVersion "1"]
[SourceVersionDate "2015.10.08"]
[SourceQuality "1"]

1. e4 c6 2. d4 d5 3. e5 c5 4. c3 Nc6 5. Bb5 Qb6 6. Bxc6+ bxc6 7. dxc5 Qxc5 8. Qa4 Qb5 9. Qxb5 cxb5 10. f4 e6 11. Be3 Nh6 12. Nf3 Nf5 13. Bf2 h5 14. Nd4 a6 15. Nd2 Nxd4 16. Bxd4 Be7 17. Nf3 Rb8 18. a3 Bd7 19. Kd2 h4 20. g4 h3 21. g5 Bc6 22. Rhg1 g6 23. Rg3 a5 24. b4 Ra8 25. Rgg1 Kd7 26. Bb6 axb4 27. axb4 Rhb8 28. Ba5 d4 29. Nxd4 Bd5 30. Rg3 Bg2 31. Nc2 Rh8 32. Rd3+ Bd5 33. Ne3 Kc6 34. Nxd5 exd5 35. Rd1 Bd8 36. Ke2 Bxa5 37. bxa5 Rhd8 38. Ra1 Rh8 39. Kf3 Kc5 40. Rd4 Ra6 41. Rad1 Rd8 42. Kg4 Rxa5 43. Kxh3 Ra3 1/2-1/2

[Event "Leipzig VfB op 22nd"]
[Site "Leipzig"]
[Date "2015.03.04"]
[Round "3"]
[White "Ter Horst, Carsten"]
[Black "Pauscher, Wolfgang"]
[Result "0-1"]
[WhiteElo "1951"]
[BlackElo "1796"]
[PlyCount "79"]
[EventDate "2015.03.03"]
[EventType "swiss"]
[EventRounds "9"]
[EventCountry "GER"]
[SourceTitle "EXT 2016"]
[Source "ChessBase"]
[SourceDate "2015.10.08"]
[SourceVersion "1"]
[SourceVersionDate "2015.10.08"]
[SourceQuality "1"]

1. d4 d5 2. Nf3 Nf6 3. c4 c6 4. e3 e6 5. Qc2 Bb4+ 6. Nc3 0-0 7. Bd3 dxc4 8. Bxc4 c5 9. 0-0 cxd4 10. exd4 Qc7 11. Bd3 Nbd7 12. Re1 b6 13. Qb3 Bxc3 14. bxc3 Bb7 15. Ne5 Rac8 16. Ba3 Rfe8 17. Re3 h6 18. Rae1 Nxe5 19. dxe5 Nd5 20. Bd6 Qd8 21. Be4 Qd7 22. Rg3 Qc6 23. Qd1 Qd7 24. Qd2 Kh8 25. Rh3 f5 26. Bxd5 Bxd5 27. Qf4 Rc4 28. Qd2 Rec8 29. Ree3 Re4 30. Rxe4 Bxe4 31. f3 Bd5 32. g4 fxg4 33. fxg4 Rc4 34. Rg3 Qf7 35. Qe2 Rf4 36. h3 Bc4 37. Qe3 Rf1+ 38. Kh2 Bd5 39. Rg1 Rf2+ 40. Kg3 0-1

[Event "Muensterland Verbandsklasse 1415"]
[Site "Germany"]
[Date "2015.02.07"]
[Round "6.1"]
[White "Teloeken, Daniel"]
[Black "Ter Horst, Carsten"]
[Result "1/2-1/2"]
[WhiteElo "1877"]
[BlackElo "1852"]
[PlyCount "75"]
[EventDate "2014.09.13"]
[EventType "team-tourn"]
[EventRounds "9"]
[EventCountry "GER"]
[SourceTitle "EXT 2016"]
[Source "ChessBase"]
[SourceDate "2015.10.08"]
[SourceVersion "1"]
[SourceVersionDate "2015.10.08"]
[SourceQuality "1"]
[WhiteTeam "Suedlohn II"]
[BlackTeam "Ahaus Wessum II"]
[WhiteTeamCountry "GER"]
[BlackTeamCountry "GER"]

1. Nf3 d5 2. d4 Nf6 3. e3 c5 4. b3 Nc6 5. Bd3 Bg4 6. Bb2 cxd4 7. exd4 e6 8. 0-0 Bd6 9. Nbd2 0-0 10. c4 Bf4 11. Be2 Rc8 12. Ne5 Bxe2 13. Qxe2 Bxd2 14. Qxd2 dxc4 15. Nxc4 b5 16. Ne3 Qd6 17. Rad1 Rfd8 18. Qe2 a6 19. Ng4 Nd5 20. Ne5 Ncb4 21. Qf3 f6 22. a3 Rc2 23. Ba1 Na2 24. Nd3 Ndc3 25. Bxc3 Nxc3 26. Rde1 Qxa3 27. Nc5 e5 28. Ne6 e4 29. Qg4 Rd7 30. Nc5 Re7 31. Ra1 Ra2 32. Rxa2 Qxa2 33. Qc8+ Kf7 34. Qxa6 Qxa6 35. Nxa6 Ne2+ 36. Kh1 Nxd4 37. Nc5 Rc7 38. Nxe4 1/2-1/2

[Event "Muensterland Verbandsklasse 1415"]
[Site "Germany"]
[Date "2014.10.04"]
[Round "2.1"]
[White "Ter Horst, Carsten"]
[Black "Jacob, Helmut"]
[Result "1-0"]
[WhiteElo "1852"]
[BlackElo "1959"]
[PlyCount "96"]
[EventDate "2014.09.13"]
[EventType "team-tourn"]
[EventRounds "9"]
[EventCountry "GER"]
[SourceTitle "EXT 2016"]
[Source "ChessBase"]
[SourceDate "2015.10.08"]
[SourceVersion "1"]
[SourceVersionDate "2015.10.08"]
[SourceQuality "1"]
[WhiteTeam "Ahaus Wessum II"]
[BlackTeam "Ochtrup"]
[WhiteTeamCountry "GER"]
[BlackTeamCountry "GER"]

1. e4 c5 2. d4 cxd4 3. c3 g6 4. Nf3 Bg7 5. cxd4 d5 6. e5 Nc6 7. h3 f6 8. Bb5 a6 9. Bxc6+ bxc6 10. Qc2 Qb6 11. Nbd2 Nh6 12. exf6 exf6 13. 0-0 0-0 14. Nb3 Nf7 15. Bf4 Bf5 16. Qc5 Qxc5 17. Nxc5 Rfe8 18. g4 Be4 19. Nd2 g5 20. Be3 Bg6 21. b4 f5 22. gxf5 Bxf5 23. Kg2 Nd6 24. Ndb3 Ne4 25. Na5 Nxc5 26. bxc5 Re6 27. Nb7 h6 28. Nd6 Bg6 29. a4 Rb8 30. Ra2 Rb4 31. Rd1 Bh5 32. Rdd2 Rf6 33. Rdb2 Rxb2 34. Rxb2 Bf8 35. Rb8 Bd1 36. Ra8 Be2 37. Rc8 Kh7 38. Rxc6 Kg6 39. Rb6 Re6 40. Ne8 Kf7 41. Nc7 Rxb6 42. cxb6 Bd6 43. Nxd5 Ke6 44. Nc3 Bc4 45. f3 Kd7 46. Ne4 Bb4 47. Bd2 a5 48. Kf2 Bd5 1-0

[Event "Muensterland Verbandsklasse 1314"]
[Site "Germany"]
[Date "2014.01.11"]
[Round "5.1"]
[White "Schroer, Klaus"]
[Black "Ter Horst, Carsten"]
[Result "1/2-1/2"]
[WhiteElo "1992"]
[BlackElo "1866"]
[PlyCount "42"]
[EventDate "2013.09.21"]
[EventType "team-tourn"]
[EventRounds "9"]
[EventCountry "GER"]
[SourceTitle "EXT 2015"]
[Source "ChessBase"]
[SourceDate "2014.11.20"]
[SourceVersion "1"]
[SourceVersionDate "2014.11.20"]
[SourceQuality "1"]
[WhiteTeam "Borken"]
[BlackTeam "Ahaus Wessum II"]
[WhiteTeamCountry "GER"]
[BlackTeamCountry "GER"]

1. e4 d5 2. exd5 Qxd5 3. d4 Nc6 4. Nf3 e5 5. Nc3 Bb4 6. Bd2 Bxc3 7. Bxc3 e4 8. Ne5 Nxe5 9. dxe5 Ne7 10. Be2 0-0 11. Qxd5 Nxd5 12. Bd2 Re8 13. c4 Ne7 14. 0-0-0 Ng6 15. Bc3 Nf4 16. Bf1 Bf5 17. h3 Rad8 18. Rxd8 Rxd8 19. g3 Nd3+ 20. Bxd3 Rxd3 21. Re1 h5 1/2-1/2

[Event "Muensterland Verbandsklasse-B 1112"]
[Site "Germany"]
[Date "2012.03.10"]
[Round "7.3"]
[White "Jansen, Dirk Norbert"]
[Black "Ter Horst, Carsten"]
[Result "1-0"]
[WhiteElo "1876"]
[BlackElo "1825"]
[PlyCount "83"]
[EventDate "2011.09.17"]
[EventType "team-tourn"]
[EventRounds "9"]
[EventCountry "GER"]
[SourceTitle "EXT 2013"]
[Source "ChessBase"]
[SourceDate "2012.11.22"]
[SourceVersion "1"]
[SourceVersionDate "2012.11.22"]
[SourceQuality "1"]
[WhiteTeam "Muenster IV"]
[BlackTeam "Stadtlohn"]
[WhiteTeamCountry "GER"]
[BlackTeamCountry "GER"]

1. Nf3 d5 2. c4 e6 3. g3 Nf6 4. Bg2 Be7 5. 0-0 0-0 6. b3 c6 7. Bb2 Nbd7 8. d3 Re8 9. Nbd2 Bf8 10. Qc2 e5 11. cxd5 Nxd5 12. Nc4 f6 13. Rad1 Nb4 14. Qb1 Nb6 15. a3 Na6 16. Qc2 Nxc4 17. bxc4 Qa5 18. Nd2 Bf5 19. Ne4 Rad8 20. Rb1 Nc5 21. Nxc5 Bxc5 22. Bc3 Qc7 23. Rb3 b6 24. a4 Bd4 25. a5 Bxc3 26. axb6 axb6 27. Qxc3 Ra8 28. Rfb1 Ra6 29. Qb2 e4 30. dxe4 Bxe4 31. Rxb6 Rxb6 32. Qxb6 Qxb6 33. Rxb6 Bxg2 34. Kxg2 Re6 35. Kf3 Kf7 36. Rb7+ Kg6 37. Rc7 h5 38. e4 Kh6 39. Ke3 g6 40. Kd4 Kg5 41. h3 h4 42. f4+ 1-0

[Event "Muensterland Verbandsklasse-B 0910"]
[Site "Germany"]
[Date "2010.01.09"]
[Round "5.1"]
[White "Ter Horst, Carsten"]
[Black "Wetterau, Georg"]
[Result "1/2-1/2"]
[WhiteElo "1861"]
[BlackElo "1895"]
[PlyCount "67"]
[EventDate "2009.09.19"]
[EventType "team-tourn"]
[EventRounds "9"]
[EventCountry "GER"]
[SourceTitle "EXT 2011"]
[Source "ChessBase"]
[SourceDate "2010.11.26"]
[SourceVersion "1"]
[SourceVersionDate "2010.11.26"]
[SourceQuality "1"]
[WhiteTeam "Stadtlohn"]
[BlackTeam "Nordwalde"]
[WhiteTeamCountry "GER"]
[BlackTeamCountry "GER"]

1. e4 e5 2. Nf3 Nc6 3. Bb5 a6 4. Ba4 Nf6 5. 0-0 Be7 6. Re1 b5 7. Bb3 Bb7 8. d3 0-0 9. Nc3 d6 10. a3 Nd4 11. Nxd4 exd4 12. Ne2 c5 13. Ng3 Re8 14. Nf5 Bf8 15. Qf3 c4 16. Ba2 d5 17. e5 Nd7 18. Qg3 Kh8 19. Bg5 Qb6 20. Re2 Qg6 21. Nh4 Qh5 22. Rc1 f6 23. e6 fxg5 24. Nf3 g4 25. Nxd4 Bc5 26. exd7 Rxe2 27. Nxe2 Qf5 28. d4 Bb6 29. Qd6 Rf8 30. Rf1 Bd8 31. Ng3 Qf7 32. f3 Bg5 33. Qc7 Ba8 34. c3 1/2-1/2

[Event "Muensterland Verbandsklasse-B 0910"]
[Site "Germany"]
[Date "2009.09.19"]
[Round "1.2"]
[White "Ter Horst, Carsten"]
[Black "Overesch, Andre"]
[Result "1/2-1/2"]
[WhiteElo "1861"]
[BlackElo "1917"]
[PlyCount "91"]
[EventDate "2009.09.19"]
[EventType "team-tourn"]
[EventRounds "9"]
[EventCountry "GER"]
[SourceTitle "EXT 2011"]
[Source "ChessBase"]
[SourceDate "2010.11.26"]
[SourceVersion "1"]
[SourceVersionDate "2010.11.26"]
[SourceQuality "1"]
[WhiteTeam "Stadtlohn"]
[BlackTeam "Muenster SK III"]
[WhiteTeamCountry "GER"]
[BlackTeamCountry "GER"]

1. e4 c5 2. d4 cxd4 3. c3 g6 4. cxd4 d5 5. e5 Bg7 6. h4 Nh6 7. Nc3 Nc6 8. h5 f6 9. hxg6 hxg6 10. Bd3 f5 11. Nge2 Nf7 12. Rxh8+ Nxh8 13. Be3 Kf8 14. Qd2 Be6 15. f3 Rc8 16. Kf2 Kg8 17. Nf4 Qd7 18. Rh1 a6 19. Nce2 Bf7 20. Nh3 b5 21. Bh6 Bxe5 22. dxe5 Nxe5 23. Nd4 Nxd3+ 24. Qxd3 e5 25. Ne2 d4 26. b3 Bd5 27. Rc1 Nf7 28. Rxc8+ Qxc8 29. Bd2 Nd8 30. Nxd4 exd4 31. Qxd4 Bf7 32. Bc3 Kf8 33. Qd6+ Kg8 34. Qf6 Kf8 35. Bb4+ Kg8 36. Bc3 Kf8 37. Ng5 Qc5+ 38. Bd4 Qe7 39. Qh8+ Bg8 40. Qh6+ Ke8 41. Qxg6+ Bf7 42. Nxf7 Nxf7 43. Qxf5 Qh4+ 44. Ke3 Qe1+ 45. Kf4 Qd2+ 46. Be3 1/2-1/2

[Event "Muensterland Verbandsliga 0607"]
[Site "Germany"]
[Date "2006.11.25"]
[Round "3.7"]
[White "Ter Horst, Carsten"]
[Black "Bruemmer, Andreas"]
[Result "1-0"]
[WhiteElo "1850"]
[BlackElo "1969"]
[PlyCount "63"]
[EventDate "2006.09.16"]
[EventType "team"]
[EventRounds "9"]
[EventCountry "GER"]
[SourceTitle "EXT 2008"]
[Source "ChessBase"]
[SourceDate "2007.11.25"]
[SourceVersion "1"]
[SourceVersionDate "2007.11.25"]
[SourceQuality "1"]
[WhiteTeam "Stadtlohn"]
[BlackTeam "Rheine Klein Berlin"]
[WhiteTeamCountry "GER"]
[BlackTeamCountry "GER"]

1. e4 c5 2. d4 cxd4 3. c3 d3 4. Bxd3 e6 5. c4 Nf6 6. Nc3 Nc6 7. Nf3 d6 8. Bg5 Be7 9. 0-0 0-0 10. Qe2 Qc7 11. Nb5 Qb8 12. c5 dxc5 13. e5 Ne8 14. Bxe7 Nxe7 15. Bxh7+ Kxh7 16. Ng5+ Kg6 17. Qe4+ Kxg5 18. Qh7 Ng6 19. f4+ Nxf4 20. h4+ Kg4 21. Qe4 g5 22. Rxf4+ gxf4 23. Rf1 Kh5 24. Qxf4 Rg8 25. Qxf7+ Rg6 26. g4+ Kxh4 27. Qh7+ Kg3 28. Nd6 Nxd6 29. Qxg6 b6 30. Qh5 Qb7 31. Qh2+ Kxg4 32. Rf4+ 1-0

[Event "Muensterland Verbandsklasse-B 0506"]
[Site "Germany"]
[Date "2006.05.06"]
[Round "9.7"]
[White "Ter Horst, Carsten"]
[Black "Cvetkovic, Reinhard"]
[Result "1/2-1/2"]
[WhiteElo "1786"]
[BlackElo "1717"]
[PlyCount "101"]
[EventDate "2005.09.03"]
[EventType "team"]
[EventRounds "9"]
[EventCountry "GER"]
[SourceTitle "EXT 2006"]
[Source "ChessBase"]
[SourceDate "2005.11.24"]
[SourceVersion "1"]
[SourceVersionDate "2005.11.24"]
[SourceQuality "1"]
[WhiteTeam "Stadtlohn"]
[BlackTeam "Raesfeld Erle"]
[WhiteTeamCountry "GER"]
[BlackTeamCountry "GER"]

1. e4 e6 2. d3 b6 3. Nd2 Bb7 4. Ngf3 Nc6 5. c3 g6 6. g3 Bg7 7. Bg2 Nge7 8. 0-0 0-0 9. Nh4 f5 10. f4 d5 11. e5 Qe8 12. Ndf3 Nd8 13. b4 a5 14. a4 axb4 15. cxb4 c5 16. bxc5 bxc5 17. Qc2 Ba6 18. Rf2 c4 19. dxc4 Bxc4 20. Be3 Bb5 21. a5 Nb7 22. Qc7 Ba6 23. Nd4 Nd8 24. Nhf3 h6 25. Rb2 Rf7 26. Bf1 Bxf1 27. Kxf1 Nec6 28. Nb5 Rxc7 29. Nxc7 Qd7 30. Nxa8 Bf8 31. Nb6 Qh7 32. a6 Na7 33. Nd4 Qc7 34. Nb5 Nxb5 35. Rxb5 Qc3 36. Rab1 Qa3 37. Nd7 Qxe3 38. Nxf8 Kxf8 39. R5b3 Qa7 40. Rb6 Ke8 41. Kg2 Kd7 42. Rd6+ Ke7 43. Rdb6 Ke8 44. R1b2 Qa8 45. Kf1 g5 46. Rd6 d4 47. Kg1 d3 48. Rb3 Qe4 49. Rbxd3 Qe1+ 50. Kg2 Qe2+ 51. Kg1 1/2-1/2

[Event "Muensterland Verbandsklasse-B 0506"]
[Site "Germany"]
[Date "2005.10.29"]
[Round "2.7"]
[White "Ter Horst, Carsten"]
[Black "Dehler, Markus"]
[Result "1-0"]
[WhiteElo "1786"]
[BlackElo "1612"]
[PlyCount "45"]
[EventDate "2005.09.03"]
[EventType "team"]
[EventRounds "9"]
[EventCountry "GER"]
[SourceTitle "EXT 2006"]
[Source "ChessBase"]
[SourceDate "2005.11.24"]
[SourceVersion "1"]
[SourceVersionDate "2005.11.24"]
[SourceQuality "1"]
[WhiteTeam "Stadtlohn"]
[BlackTeam "Steinfurt"]
[WhiteTeamCountry "GER"]
[BlackTeamCountry "GER"]

1. e4 c5 2. d4 cxd4 3. c3 Nf6 4. e5 Nd5 5. cxd4 Nc6 6. Nf3 e6 7. Bd3 Be7 8. 0-0 d6 9. exd6 Qxd6 10. Nc3 a6 11. Re1 Nf6 12. Bg5 0-0 13. Qe2 Nxd4 14. Nxd4 Qxd4 15. Rad1 Qc5 16. Ne4 Nxe4 17. Qxe4 g6 18. Be3 Qc6 19. Qf4 Bd6 20. Qf6 Re8 21. Be4 Qc7 22. Rxd6 Qxd6 23. Bh6 1-0

[Event "Muensterland Verbandsklasse-B 0405"]
[Site "Muensterland"]
[Date "2005.03.19"]
[Round "8.4"]
[White "Ter Horst, Carsten"]
[Black "Bergemann, Martin"]
[Result "1/2-1/2"]
[WhiteElo "1841"]
[BlackElo "1918"]
[PlyCount "65"]
[EventDate "2004.09.11"]
[EventType "team"]
[EventRounds "9"]
[EventCountry "GER"]
[SourceTitle "EXT 2006"]
[Source "ChessBase"]
[SourceDate "2005.11.24"]
[SourceVersion "1"]
[SourceVersionDate "2005.11.24"]
[SourceQuality "1"]
[WhiteTeam "Stadtlohn"]
[BlackTeam "Raesfeld Erle"]
[WhiteTeamCountry "GER"]
[BlackTeamCountry "GER"]

1. e4 c5 2. Nc3 Nc6 3. g3 g6 4. Bg2 Bg7 5. d3 e6 6. Be3 b6 7. Qd2 Bb7 8. Nge2 h5 9. 0-0 Nh6 10. h3 Rc8 11. Rae1 Kf8 12. f4 f5 13. Kh2 Kg8 14. Ng1 Ng4+ 15. hxg4 hxg4+ 16. Nh3 gxh3 17. Bxh3 Kf7 18. Rh1 Nd4 19. Qf2 b5 20. Bc1 Qa5 21. Kg1 b4 22. Nd1 Qxa2 23. Bg2 Rxh1+ 24. Bxh1 Qa6 25. Ne3 Kg8 26. Nc4 fxe4 27. Ne5 Bxe5 28. fxe5 Rf8 29. Qe3 Nf3+ 30. Bxf3 exf3 31. Qh6 f2+ 32. Kh2 fxe1R 33. Qxg6+ 1/2-1/2